000 00843nam a2200241 a 4500
001 000048807
003 DO-SdBNP
005 20250401135254.0
008 190314s2015 dr c 000 0 spa d
020 _a9789945600063
040 _aDO-SdBNP
_bspa
_cBNPHU
082 _axxx
_bJ96c
100 1 _aJusto Duarte, Amaury,
_d1942-
_98575
245 1 3 _aEl consejo de estado :
_bla transición entre la dictadura y la democracia (enero de 1962 - febrero de 1963) /
_cAmaury Justo Duarte ;.
260 _aSanto Domingo, :
_bSantuario,
_c2015.
300 _a155 p. :
_bretr. ;
_c23 cm.
500 _aIncluye datos biografícos del autor en la solapa de la portada.
500 _aIncluye notas a pie de páginas
500 _aIncluye índice onomástico
504 _aBibliografía p: 151
590 _aInventariado, 2019/ YL
942 _2ddc
_cLBS1
999 _c48295
_d48295